| 000 | 00658nam a22002297a 4500 | ||
|---|---|---|---|
| 003 | PE SENCICO BE | ||
| 005 | 20251020182648.0 | ||
| 008 | 240103b |||||||| |||| 00| 0 eng d | ||
| 040 |
_aPE SENCICO BE _cPE SENCICO BE |
||
| 041 | _aspa | ||
| 082 |
_a519.5 _bD71 _c1970 |
||
| 100 | 1 |
_91823 _aDixon, Wilfrid J. _eautor |
|
| 245 | 1 |
_aIntroducción al análisis estadístico / _cWilfrid J. Dixon |
|
| 250 | _a2a ed. | ||
| 260 |
_aLima : _bMcGraw Hill; _c1970 |
||
| 300 |
_axiii, 489 p. : _c22 cm. |
||
| 650 | 1 | 0 |
_91473 _aEstadística |
| 650 | 2 | 0 |
_91825 _aAnálisis de varianza |
| 700 | 1 |
_91824 _aMassey, Frank J. |
|
| 910 |
_bhfp _chfp |
||
| 942 |
_2ddc _cLIB |
||
| 999 |
_c4469 _d4469 |
||